Mythologie : mère de ? - Statistiques

Statistiques générales
  • Ce quiz a été pris 73 fois
  • Le résultat moyen est 15 sur 56
Statistiques - réponses
Hint Réponse % Correct
Pontos, Ouranos, Cronos, Antée, etc Gaïa
92%
Zeus, Hadès, Poséidon, Héra, etc Rhéa
81%
Hébé, Illithyie, Arès, Angélos, etc Héra
79%
Despoina, Arion, Perséphone, etc Déméter
69%
Propage, Antéros, Phobos, Éros, etc Aphrodite
65%
Artémis, Apollon Léto
63%
Télémaque Pénélope
60%
Astyanax Andromaque
48%
Ariane, Phèdre, Androgée, Astérion, etc Pasiphaé
46%
Oreste, Électre, Iphigénie, etc Clytemnestre
44%
Chrysaor, Pégase Méduse
44%
Hypnos, Éther, Moros, Charon, etc Nyx
42%
Zagreus, Macaria, Mélinoé Perséphone
42%
Ismène, Œdipe, Antigone, Étéocle, etc Jocaste
38%
Castor, Pollux, Hélène, Clytemnestre Léda
38%
Minos, Sarpédon, Rhadamanthe Europe
37%
Hector, Laoccoon, Déiphobe, Pâris, etc Hécube
37%
Athéna Métis
37%
Dionysos Sémélé
35%
Pandia, Hersé, filles inconnues Séléné
31%
Chalciope, Médée Absyrte Hécate
27%
Uranie, Terpsichore, Clio, Erato, etc Mnémosyne
27%
Cerbère, Ladon, Chimère, Orthos, etc Échidna
25%
Dicé, Eiréné, Clotho, Astrée, etc Thémis
25%
Iphiclès, Héraclès Alcmène
23%
Cymopolée, Benthésicymé, Rhodé, etc Amphitrite
23%
Persée Danaé
23%
Doris, Métis, Dioné, Asia, etc Téthys
21%
Hélios, Séléné, Éos Théia
21%
Méduse, Dino, Thoôsa, Échidna, etc Céto
19%
Iris, Arcé, Podarge, Ocypète, etc Électre
19%
Ménécée, Hémon, Mégara Eurydice
15%
Alcée, Sthénélos, Gorgophoné, Mestor, etc Andromède
13%
Orphée, Linos, Ialémos, Ligie, etc Calliope
13%
Galatée, Thétis, Amphitrite, Psamathée, etc Doris
13%
Borée, Lips, Caecias, Éosphoros, etc Éos
13%
Léthé, Até, Limos, Dysnomie, etc Éris
13%
Sémélé, Agavé, Autonoé, Polydore, etc Harmonie
13%
Andromède Cassiopée
10%
Asclépios Coronis
10%
Alexiarès, Anicétos Hébé
10%
Bia, Kratos, Zélos, Niké Styx
10%
Prométhée, Epiméthée, Ménétios, etc Clymène
8%
Pasiphaé, Aétès, Circé Perséis
8%
Polyphème Thoôsa
8%
Éaque Égine
6%
Astréos, Pallas, Persès Eurybie
4%
Euphrosyne, Thalie, Asopos, Aglaé Eurynomé
4%
Phrixos, Hellé Néphélé
4%
Maïa, Taygète, Mérope, Céléno, etc Pléioné
4%
Amphion, Zéthos Antiope
2%
Hygie, Iaso, Panacée, Acéso, etc Épione
2%
Atrée, Thyeste, Pitthée, etc Hippodamie
2%
Chioné, Calaïs, Zétès, Cléopâtre Orithye
2%
Hellen, Protogénie, Thyia, Amphictyon Pyrrha
2%
Pallas, Tritée Tritonis
2%
Aucun quiz correspondant
Distribution des résultats
% des personnes avec chaque résultat
Percentile par nombre de réponses
Votre historique - résultats
Vous n’avez pas pris ce quiz